00233nam a22000977a 4500003000500000038001300005082001800018245005600036260003000092300001300122NUST aM.Ramzan a363.0684bTWB aTool Kit :A guide for hiring and../cThe World Bank aUSAbThe World Bankc2001 a16c25cm